|
|
|
|
| LEADER |
00000nab a2200000 a 4500 |
| 001 |
vtls000670873 |
| 003 |
SK-MaSNL |
| 005 |
20260304094921.0 |
| 008 |
250425c1998 xo 0 slo |
| 015 |
|
|
|a SNBRB1998/09-26783
|
| 035 |
|
|
|a CLN000023050
|
| 035 |
|
|
|a urn:nbn:sk:snk-ab9ju8
|
| 035 |
|
|
|a (urnnbn)urn:nbn:sk:snk:ar-a08hgh
|
| 035 |
|
|
|a (uuid)7e9ceb2a-0dd3-4183-8f00-e8607e800650
|
| 040 |
|
|
|a SNKBUCL
|b slo
|c SNKBUCL
|e AACR2
|
| 041 |
0 |
|
|a slo
|
| 044 |
|
|
|a xo
|c SK
|
| 080 |
|
|
|a 161.1
|2 1981
|
| 080 |
|
|
|a 003
|2 1981
|
| 100 |
1 |
|
|a Austin, John Langshaw,
|d 1911-1960
|4 aut
|9 588317
|
| 245 |
1 |
0 |
|a Význam slova
|c John Langshaw Austin ; preložili Róbert Konrád, Marián Zouhar
|
| 650 |
0 |
7 |
|a slovo
|x sémantika
|x filozofické analýzy
|2 snkbucl
|9 108171
|
| 700 |
1 |
|
|a Konrád, Róbert
|4 trl
|9 900178
|
| 700 |
1 |
|
|a Zouhar, Marián,
|d 1973-
|4 trl
|9 224362
|
| 773 |
0 |
|
|t ORGANON F
|g Roč. 5, č. 3 (1998), s. 250-265
|x 1335-0668
|
| 850 |
|
|
|a Slovenská národná knižnica
|
| 852 |
|
|
|a Slovenská národná knižnica
|
| 954 |
|
|
|a odborná, vedecká literatúra pôvodná (slovenská)
|2 lita
|
| 958 |
|
|
|a article13
|
| 958 |
|
|
|a OND
|
| 958 |
|
|
|a EUIPO
|
| 999 |
|
|
|c 2829669
|d 2831599
|